|
|
|
|
| LEADER |
01101nam a2200277 u 4500 |
| 001 |
10118499 |
| 003 |
upatras |
| 005 |
20210117205652.0 |
| 008 |
151208s1999 fr fre |
| 020 |
|
|
|a 2856290787
|
| 040 |
|
|
|a GR-PaULI
|c GR-PaULI
|
| 041 |
0 |
|
|a fre
|
| 082 |
0 |
4 |
|a 515.35
|
| 245 |
1 |
0 |
|a Dynamique et geometrie complexes
|c Dominique Cerveau ... [et al.]
|
| 260 |
|
|
|a Paris
|b Societe mathematique de France
|c 1999
|
| 300 |
|
|
|a xii, 222 σ.
|b εικ.
|c 24 εκ.
|
| 490 |
1 |
|
|a Panoramas et syntheses
|v 8
|x 1272-3835
|
| 504 |
|
|
|a Περιέχει βιβλιογραφικές αναφορές
|
| 650 |
|
4 |
|a Δυναμικά συστήματα
|9 394
|
| 700 |
1 |
|
|a Cerveau, D.
|q ((Dominique))
|4 aut
|9 147853
|
| 760 |
1 |
|
|a Panoramas et syntheses
|x 1272-3835
|
| 852 |
|
|
|a GR-PaULI
|b ΠΑΤΡΑ
|b ΒΚΠ
|b ΒΣ1
|k ΑΣΧΞ
|h 515.35 DYN
|m 123074
|p 025000241826
|t 1
|
| 942 |
|
|
|2 ddc
|c BK15
|
| 952 |
|
|
|0 0
|1 0
|4 0
|6 515_350000000000000_DYN
|7 0
|9 186963
|a LISP
|b LISP
|c BSC
|d 2016-04-24
|i 123074
|l 0
|o 515.35 DYN
|p 025000241826
|r 2016-04-24 00:00:00
|t 1
|w 2016-04-24
|y BK15
|
| 998 |
|
|
|c ΜΠΟΥΡΑΣ
|d 2015-12
|
| 999 |
|
|
|c 115317
|d 115317
|